|
|
|
|
| LEADER |
00000nam a2200000 a 4500 |
| 001 |
54101 |
| 003 |
CZ-ZlUTB |
| 005 |
20190826002014.0 |
| 008 |
091126s2005 xo a f 001 0 slo d |
| 020 |
|
|
|a 8096918915
|q (váz.)
|
| 040 |
|
|
|a ZLD002
|b cze
|
| 072 |
|
7 |
|a 628
|x Sanitární technika. Vodárenství. Odpadové hospodářství. Světelná technika
|2 Konspekt
|9 19
|
| 080 |
|
|
|a 678
|2 MRF
|
| 080 |
|
|
|a 678.03
|2 MRF
|
| 080 |
|
|
|a 628.477.6
|2 MRF
|
| 080 |
|
|
|a 628.3/.55
|2 MRF
|
| 080 |
|
|
|a (048.8:082)
|2 MRF
|
| 245 |
0 |
0 |
|a Gumárska technológia III /
|c Štefan Rosina ... [et al.]
|
| 250 |
|
|
|a Vyd. 1.
|
| 260 |
|
|
|a [Trenčín] :
|b GC TECH,
|c 2005
|
| 300 |
|
|
|a 221 s. :
|b il. ;
|c 25 cm
|
| 504 |
|
|
|a Obsahuje bibliografii a rejstřík
|
| 650 |
0 |
7 |
|a gumárenský průmysl
|7 ph120624
|2 czenas
|
| 650 |
0 |
7 |
|a gumárenské suroviny
|7 ph120623
|2 czenas
|
| 650 |
0 |
7 |
|a recyklace odpadu
|7 ph125049
|2 czenas
|
| 650 |
0 |
7 |
|a odpad
|7 ph115564
|2 czenas
|
| 650 |
0 |
7 |
|a plastový odpad
|7 ph115739
|2 czenas
|
| 650 |
0 |
9 |
|a rubber industry
|2 eczenas
|
| 650 |
0 |
9 |
|a rubber raw materials
|2 eczenas
|
| 650 |
0 |
9 |
|a waste recyclation
|2 eczenas
|
| 650 |
0 |
9 |
|a waste products
|2 eczenas
|
| 650 |
0 |
9 |
|a plastic waste
|2 eczenas
|
| 655 |
|
7 |
|a kolektivní monografie
|7 fd501537
|2 czenas
|
| 655 |
|
9 |
|a collective monographs
|2 eczenas
|
| 700 |
1 |
|
|a Rosina, Štefan,
|d 1932-
|7 xx0077953
|4 aut
|
| 910 |
|
|
|a ZLD002
|
| 952 |
|
|
|0 0
|1 0
|4 0
|6 678GUMÁRSKA
|7 0
|8 BOOK
|9 98919
|a UTBZL
|b UTBZL
|c 005
|d 2009-11-26
|l 1
|o 678/GUMÁRSKA
|p 420010127252
|r 2019-08-26 00:00:00
|v 1500.00
|w 2019-08-26
|x N:převod-SPUR; | 20100831
|y 01
|
| 990 |
|
|
|a SPUR
|
| 992 |
|
|
|a BK
|b SK
|c SPUR
|d 1
|
| 999 |
|
|
|c 54101
|d 54101
|